Statistiques concernant Monsieur et Madame…ont... #3

Cliquez ici pour prendre le quiz!

Statistiques générales

  • Ce quiz a été pris 40 fois
  • Le résultat moyen est 5 sur 15

Statistiques - réponses

Monsieur et Madameont un(e)Quel est son prénom ?% Correct
ProvistefilsAlain (A l'improviste)
71%
VersairefilleAnnie (Anniversaire)
59%
ManvussafilsGérard (J'ai rarement vu ça)
56%
CélèrefilsJacques (J'accélère)
44%
OutanfilsLaurent (L'orang-outang)
41%
UltoufilleJeanne (J'annule tout)
26%
DeuffilsJohn (Jaune d'œuf)
26%
AssainfilsMarc (Marcassin)
26%
OnettefilleMarie (Marionnette)
21%
NettefilsMario (Marionnette)
21%
LacouvertureçagrattefilleSandra (Sans drap la couverture ça gratte)
21%
PellefilleSarah (Ca rappelle)
21%
StickfilleElla (Elastique)
12%
OurkessafilleCécile (C'est si lourd que ça)
9%
HommefilsMaxime (Maximum)
9%

Distribution des résultats

Percentile par nombre de réponses

% des personnes avec chaque résultat

Votre développement - résultats

Vous n’avez pas pris ce quiz